| 000 | 01779nam a2200277 a 4500 | ||
|---|---|---|---|
| 001 | ASIN0312285523 | ||
| 005 | 20170105102910.0 | ||
| 008 | 131025s2002 xxu eng d | ||
| 020 |
_a0312285523 (hardcover) _c$23.95 |
||
| 020 | _a9780312285524 (hardcover) | ||
| 040 | _a0 | ||
| 050 | 0 | 4 | _aHC105 |
| 082 | 0 | 4 | _a330.153 |
| 100 | 1 | _aSmith, Roy C. | |
| 245 | 1 | 0 |
_aAdam smith and the origins of american enterprise : _bhow america's industrial success was forged by the timely ideas of a brilliant scots economist / _cRoy C. Smith. |
| 250 | _aFirst Edition. | ||
| 260 |
_a[S.l.] : _bTruman Talley Books, _c2002. |
||
| 300 |
_a240 p. ; _c22 cm. |
||
| 520 | _aAdam Smith was a Scottish professor of moral philosophy. He published his classic The Wealth of Nations in 1776, the year the American Revolution began. Smith became widely known for his ideas of free markets, laissez-faire commerce, and the "invisible hand." Yet English politicians, landed gentry, and the nobility paid little attention and enacted none of Smith's suggested reforms. The American colonies, however, began their existence as an independent nation in 1781 with no money, no industry, no banks, and deep in debt. The Founding Fathers-particularly Alexander Hamilton, James Madison, and Benjamin Franklin-turned to the ideas of Adam Smith to create and jump-start an economic system for America with both immediate and long-sustained results. This little-known but vital part of U.S. history is now revealed in Roy C. Smith's highly readable new book. | ||
| 650 | 0 | _aEconomic history | |
| 650 | 0 | _aFree enterprise | |
| 650 | 0 | _aSmith, Adam, 1723-1790 | |
| 650 | 0 | _aUnited States | |
| 856 | 4 | 0 |
_3Amazon.com _uhttp://www.amazon.com/exec/obidos/ASIN/0312285523/chopaconline-20 |
| 942 |
_2ddc _cBK |
||
| 999 |
_c15059 _d15059 |
||